000 00847cam a22002534a 4500
001 11902428
005 20240201234833.0
008 000203s2000 nyua b 001 0 eng
020 _a0465031757
020 _a0465031765 (pbk.)
040 _aDLC
_cDLC
_dDLC
082 0 0 _a306
_221
245 0 0 _aCulture matters :
_bhow values shape human progress /
_cLawrence E. Harrison, Samuel P. Huntington, editors.
260 _aNew York :
_bBasic Books,
_c2000.
300 _axxxiv, 348 p. :
650 0 _aSocial values.
650 0 _aCulture.
700 1 _aHuntington, Samuel P.
_eedt
700 1 _aHarrison, Lawrence E.
_eedt
856 4 2 _uhttp://www.h-net.org/review/hrev-a0b8u0-aa
856 4 2 _uhttp://www.loc.gov/catdir/enhancements/fy0832/00022951-b.html
856 4 2 _uhttp://www.loc.gov/catdir/enhancements/fy0832/00022951-d.html
942 _cL
999 _c262
_d262